00318pam a2200133 a 4500020002000000041000500020100002500025245006400050250000800114260002000122300000700142653002100149700001400170 a0-600-60573-6c h aJENI WRIGHT.eAuthor aKITCHEN LIBRARY :CHICKEN.cJENI WRIGHT.hTextual Documents  a1st alondonbOCTOPUS a96 afood Producation eCo-Author